| 000 | 01218nam a2200325 c 4500 | ||
|---|---|---|---|
| 003 | BLK | ||
| 005 | 20241010111227.0 | ||
| 008 | 180408b bul|||||r ||||||| ||bul|| | ||
| 010 | _aKNG00075189000 | ||
| 020 |
_a978-954-529-495-2 _bиздат.: Колибри |
||
| 040 | _aBLK | ||
| 041 |
_aBUL _cBUL |
||
| 080 |
_aЧилийска литература _b821.134.2(83) _x-312.6 _z821.134.2(83)-312.6 |
||
| 100 | 1 |
_aАлиенде, Исабел _eпърви автор _930822 |
|
| 700 | 1 |
_aКостова, Маня Асенова _eпрев. от исп. _9277900 |
|
| 139 |
_aАлиенде, Исабел _bА 54 |
||
| 245 | 1 | 0 |
_aПаула _bРоман _cИсабел Алиенде; прев. от исп. Маня Асенова Костова. |
| 257 | _aCHI | ||
| 260 |
_аСофия _bКолибри _c2007 _fСофия : Симолини |
||
| 300 |
_a448 с. _c20 см |
||
| 380 | _aX | ||
| 500 | _aОриг. загл. Paula / Isabel Alliende. | ||
| 653 | _aромани | ||
| 852 | _aЦб 233995 | ||
| 856 | 4 |
_qpdf _u |
|
| 856 | 4 |
_qpdf _u |
|
| 942 |
_cKNG _n0 _045 |
||
| 944 |
_aCR _c21.05.2007 _lЦветелина Шанова _k30531 |
||
| 944 |
_aED _c12.12.2014 _lф / _kЛюдмила_Стоянова |
||
| 999 |
_c70826 _d70826 |
||